00313nam a2200109Ia 450000500170000000800410001710000290005824500710008726000250015830000110018365000090019420260326100039.0260326s9999||||xx |||||||||||||| ||und|| aNavarro, José Gabriel  0aGuía artística de la Ciudad de Quito /cJosé Gabriel Navarro bLa Prensa Católica a105 p. aARTE